Efectos de la fertilización foliar nitrogenada complementaria sobre la calidad de trigo pan /

Guardado en:
Autor Principal: Varela, Patricio Emmanuel.
Autor Corporativo: Universidad Nacional del Sur. Departamento de Agronomía.
Otros Autores: Miranda, Rubén, (tutor.)
Formato: Libro
Idioma:Spanish
Publicado: Bahía Blanca, 2004.
Etiquetas: Agregar Etiqueta
Sin Etiquetas, Sea el primero en etiquetar este registro!
LEADER 00740nam a22001695a 4500
001 EEA.libagro007342
005 20180523112517.0
008 130809s2004####ag#a##########000#0#spa#d
082 0 4 |a 633.11894 
100 1 |a Varela, Patricio Emmanuel. 
245 1 0 |a Efectos de la fertilización foliar nitrogenada complementaria sobre la calidad de trigo pan /  |c Patricio Emmanuel Varela. 
260 |a Bahía Blanca,  |c 2004. 
300 |a 35 h. :  |b il. ;  |c 30 cm. 
500 |a Trabajo de intensificación (Ingeniero Agrónomo) -- Universidad Nacional del Sur. Departamento de Agronomía, 2004. 
700 1 |a Miranda, Rubén,  |e tutor. 
710 2 |a Universidad Nacional del Sur.  |b Departamento de Agronomía. 
859 |a AR-BbBCA  |b BIB. AGRONOMIA  |h 633.11894  |i V293  |p 2005/4713